Lionel Messi: Top Teammates - Statistics

General Stats
  • This quiz has been taken 149 times
  • The average score is 15 of 25
Answer Stats
Hint Answer % Correct
206 Neymar
98%
273 Luis Suárez
96%
489 Andrés Iniesta
93%
399 Xavi
91%
597 Sergio Busquets
86%
506 Gerard Piqué
84%
367 Jordi Alba
84%
349 Dani Alves
78%
250 Marc-André ter Stegen
78%
269 Carles Puyol
76%
142 Ángel Di María
75%
353 Víctor Valdés
75%
414 Javier Mascherano
72%
277 Ivan Rakitic
61%
270 Pedro
58%
245 Sergi Roberto
51%
159 Eric Abidal
43%
124 Samuel Umtiti
42%
123 Cesc Fàbregas
38%
117 Alexis Sánchez
34%
113 Clément Lenglet
29%
125 Rafa Márquez
22%
161 Seydou Keita
16%
161 Adriano
13%
109 Bojan Krkic
13%
No matching quizzes found
Score Distribution
Percent of People with Each Score
Percentile by Number Answered
Your Score History
You have not taken this quiz